Complicaciones médicas durante el embarazo / (Record no. 78847)

MARC details
000 -LEADER
campo de control de longitud fija 00687nam a2200205 i 4500
001 - NÚMERO DE CONTROL
campo de control 78847
003 - IDENTIFICADOR DE NÚMERO DE CONTROL
campo de control ES-MaACL
005 - FECHA Y HORA DE LA ÚLTIMA TRANSACCIÓN
campo de control 20230906173831.0
007 - CAMPO FIJO DE DESCRIPCIÓN FÍSICA--INFORMACIÓN GENERAL
campo de control de longitud fija t|
008 - DATOS DE LONGITUD FIJA--INFORMACIÓN GENERAL
campo de control de longitud fija 041018s1972 sp |||| | spa d
080 ## - NÚMERO DE LA CLASIFICACIÓN DECIMAL UNIVERSAL
Número de la Clasificación Decimal Universal 618.3-06
100 1# - ENTRADA PRINCIPAL--NOMBRE DE PERSONA
Nombre de persona Haynes, Douglas M.
9 (RLIN) 62210
245 10 - MENCIÓN DEL TÍTULO
Título Complicaciones médicas durante el embarazo /
Mención de responsabilidad, etc. Douglas M. Haynes ; versión, José Mª Carrera Maciá y Alfonso Fernández-Cid Fenollera.
260 ## - PUBLICACIÓN, DISTRIBUCIÓN, ETC.
Lugar de publicación, distribución, etc. Barcelona :
Nombre del editor, distribuidor, etc. Salvat,
Fecha de publicación, distribución, etc. [1972]
300 ## - DESCRIPCIÓN FÍSICA
Extensión X, 669 p. ;
Dimensiones 25 cm.
650 #4 - PUNTO DE ACCESO ADICIONAL DE MATERIA--TÉRMINO DE MATERIA
Término de materia o nombre geográfico como elemento de entrada Embarazo-
Subdivisión general Complicaciones.
9 (RLIN) 151124
700 1# - ENTRADA AGREGADA--NOMBRE PERSONAL
Nombre de persona Carrera Maciá, José María.
9 (RLIN) 35639
700 1# - ENTRADA AGREGADA--NOMBRE PERSONAL
Nombre de persona Fernández-Cid Fenollera, A.
9 (RLIN) 49579
852 ## - LOCALIZACIÓN
Ubicación ES-MaACL
Número de control de estantería C-48731
Holdings
Estatus retirado Estado de pérdida Estado de daño No para préstamo Biblioteca de origen Biblioteca actual Ubicación en estantería Fecha de adquisición Fuente de adquisición Total de préstamos Signatura topográfica completa Código de barras Visto por última vez Precio de reemplazo Tipo de ítem Koha
        Biblioteca del Ateneo de Madrid Biblioteca del Ateneo de Madrid Depósito 2 17/01/2008     C-48731 1082460 23/02/2023 23/02/2023 Libro impreso